| 000 | 00954nam a2200241 a 4500 | ||
|---|---|---|---|
| 001 | 14133 | ||
| 003 | BD-JhCC | ||
| 005 | 20250106085726.0 | ||
| 008 | 210831b2025 bg |||| ||a| 000 0 ben d | ||
| 020 | _a9789848801871 | ||
| 035 | _a(BD-JhCC)14133 | ||
| 040 |
_aBD-JhCC _dBD-JhCC |
||
| 041 | _aBengali | ||
| 082 |
_223 _a158.1 _bALB 2024 |
||
| 100 | _a আল-বুতি, মুহাম্মদ সাঈদ রমজান | ||
| 245 |
_aবিষণ্নতা এবং উদ্বেগ : _bকারণ ও কুরআনি চিকিৎসা পদ্ধতি / _cমুহাম্মদ সাঈদ রমজান আল-বুতি,অনু:ইমদাদুল হক । |
||
| 260 |
_aঢাকা: _bঅবসর; _c২০২৫. |
||
| 300 |
_a159 p. : _c22 cm. |
||
| 650 |
_aSelf-improvement and motivation _zInterpersonal relations |
||
| 700 | _aহক,ইমদাদুল | ||
| 942 |
_2ddc _cBK _02 |
||
| 999 |
_c14133 _d14133 |
||